000 00671nam a2200229Ia 4500
003 OSt
005 20230531105708.0
008 210423s2014 xx 000 0 und d
020 _a978-81-261-6001-3
040 _cAL
041 _aeng
082 _a305.8 GUPT
100 _aGUPTA (Vishwanadha);LOKHANDE (Dhananjay) Ed
_9117640
245 _aTransformation of tribes and sustainable development
260 _aNew Delhi
_bAnmol Publications
_c2014
300 _axiii,282p
_bHB
365 _b900
_cINR
650 _aRacial Ethenic Groups
_9117641
650 _aSociology
_9117642
906 _adevelopment ; sustainable ; Transformation ; tribes
942 _2ddc
_cBK
999 _c176358
_d176358